Häufigste Schreibfehler mit D (Multiple Choice) - Statistiken

Allgemein
  • Dieses Quiz wurde 40 mal gespielt
  • Das Durchschnittsergebnis liegt bei 6 aus 10
Antwortstatistiken
Frage Antwort % Korrekt
Welche Schreibweise ist richtig? dito
91%
Welche Schreibweise ist richtig? Desaster
82%
Welche Schreibweise ist richtig? duzen
82%
Welche Schreibweise ist richtig? durchs
76%
Welche Schreibweise ist richtig? derselbe
64%
Welche Schreibweise ist richtig? des Weiteren
52%
Welche Schreibweise ist richtig? Dilettant
42%
Welche Schreibweise ist richtig? des Öfteren
39%
Welche Schreibweise ist richtig? Diplomand
33%
Welche Schreibweise ist richtig? Diphthong
9%
Keine übereinstimmenden Quizze gefunden
Verteilung der Resultate
Anzahl Personen mit jedem Resultat
Perzentil nach korrekt beantworteten Fragen
Ihre Resultats-Entwicklung
Sie haben dieses Quiz noch nicht gespielt